[Event "Romania rapid online op final"]
[Site "Chess.com INT"]
[Date "2020.05.01"]
[Round "1"]
[White "Kelly, Ladislau Endre"]
[Black "Sofronie, Iulian"]
[Result "1/2-1/2"]
[WhiteElo "2180"]
[BlackElo "2467"]
[PlyCount "124"]
[EventDate "2020.05.01"]
[EventType "swiss (rapid)"]
[EventRounds "7"]
[EventCountry "ROU"]
[SourceTitle "CBM 196 Extra"]
[Source "ChessBase"]
[SourceDate "2020.07.31"]
[SourceVersion "1"]
[SourceVersionDate "2020.07.31"]
[SourceQuality "1"]

1. e4 e5 2. Nf3 Nc6 3. Bc4 Nf6 4. d3 h6 5. Nc3 d6 6. h3 g6 7. Be3 Bg7 8. Qd2 a6 9. g4 Be6 10. Nd5 Bxd5 11. exd5 Ne7 12. g5 hxg5 13. Bxg5 Qd7 14. h4 Nfxd5 15. 0-0-0 Nb6 16. Bb3 d5 17. Qe2 f6 18. Bd2 0-0-0 19. Rdg1 Kb8 20. Kb1 Qd6 21. a3 Rc8 22. h5 g5 23. Nh2 Nf5 24. Qd1 Bh6 25. Ng4 Nd4 26. Ba2 c5 27. Nxh6 Rxh6 28. c3 Nf5 29. Qg4 Ng7 30. Bb3 Rch8 31. Bd1 Qe6 32. Qg3 Nxh5 33. Bxh5 Rxh5 34. Rxh5 Rxh5 35. d4 Nc4 36. Bc1 Rh3 37. Qg2 cxd4 38. cxd4 e4 39. Rh1 Rxh1 40. Qxh1 Ka7 41. Qh8 Qb6 42. Qf8 Qxd4 43. Qb4 Qb6 44. Qc3 Qxf2 45. b3 Nb6 46. Be3 Qf1+ 47. Kb2 Qe2+ 48. Kc1 Qb5 49. a4 Qc6 50. Qxc6 bxc6 51. a5 Kb7 52. axb6 f5 53. Kd2 f4 54. Bd4 a5 55. Ke2 g4 56. Kf2 Ka6 57. Bc5 e3+ 58. Ke2 Kb7 59. Bd4 Kc8 60. Bc5 Kb7 61. Bd4 Ka6 62. Bc5 Kb7 1/2-1/2

[Event "ROM-ch"]
[Site "Baile Olanesti"]
[Date "2010.02.05"]
[Round "7"]
[White "Sofronie, Iulian"]
[Black "Manolache, Marius"]
[Result "1/2-1/2"]
[WhiteElo "2457"]
[BlackElo "2539"]
[PlyCount "60"]
[EventDate "2010.01.31"]
[EventType "swiss"]
[EventRounds "9"]
[EventCountry "ROU"]
[SourceTitle "CBM 134 Extra"]
[Source "ChessBase"]
[SourceDate "2010.03.03"]
[SourceVersion "1"]
[SourceVersionDate "2010.03.03"]
[SourceQuality "1"]

1. e4 c5 2. Nf3 e6 3. d4 cxd4 4. Nxd4 a6 5. Bd3 Bc5 6. Nb3 Be7 7. Qg4 g6 8. Qe2 d6 9. a4 Nc6 10. 0-0 Nf6 11. Bh6 e5 12. Bg7 Rg8 13. Bxf6 Bxf6 14. Nc3 Be6 15. Bc4 Rc8 16. Nd5 Nb4 17. c3 Nxd5 18. Bxd5 Bxd5 19. exd5 Kf8 20. a5 Kg7 21. Rfd1 Qd7 22. Nd2 Rge8 23. Nc4 Qb5 24. b3 e4 25. Qc2 Qc5 26. Re1 Rc7 27. Re2 Qxd5 28. Rd1 Qh5 29. Nxd6 Re6 30. Nxe4 Qxa5 1/2-1/2

[Event "ROM-ch"]
[Site "Baile Olanesti"]
[Date "2010.02.04"]
[Round "6"]
[White "Badea, Bela"]
[Black "Sofronie, Iulian"]
[Result "1/2-1/2"]
[WhiteElo "2487"]
[BlackElo "2457"]
[PlyCount "25"]
[EventDate "2010.01.31"]
[EventType "swiss"]
[EventRounds "9"]
[EventCountry "ROU"]
[SourceTitle "CBM 134 Extra"]
[Source "ChessBase"]
[SourceDate "2010.03.03"]
[SourceVersion "1"]
[SourceVersionDate "2010.03.03"]
[SourceQuality "1"]

1. Nf3 Nf6 2. b3 c5 3. e3 g6 4. Bb2 Bg7 5. c4 0-0 6. Be2 b6 7. 0-0 Bb7 8. d4 cxd4 9. exd4 d5 10. Ne5 Nbd7 11. f4 Ne4 12. a4 Nxe5 13. fxe5 1/2-1/2

[Event "ROM-ch"]
[Site "Baile Olanesti"]
[Date "2010.02.03"]
[Round "5"]
[White "Sofronie, Iulian"]
[Black "Parligras, Mircea Emilian"]
[Result "1/2-1/2"]
[WhiteElo "2457"]
[BlackElo "2555"]
[PlyCount "27"]
[EventDate "2010.01.31"]
[EventType "swiss"]
[EventRounds "9"]
[EventCountry "ROU"]
[SourceTitle "CBM 134 Extra"]
[Source "ChessBase"]
[SourceDate "2010.03.03"]
[SourceVersion "1"]
[SourceVersionDate "2010.03.03"]
[SourceQuality "1"]

1. e4 c5 2. Nf3 e6 3. d4 cxd4 4. Nxd4 Nf6 5. Nc3 Nc6 6. Ndb5 d6 7. a4 a6 8. Na3 d5 9. Bd3 Bb4 10. exd5 exd5 11. 0-0 h6 12. Ne2 0-0 13. c3 Bd6 14. Bf4 1/2-1/2

[Event "ROM-ch"]
[Site "Baile Olanesti"]
[Date "2010.02.02"]
[Round "4"]
[White "Sofronie, Iulian"]
[Black "Petrisor, Adrian Marian"]
[Result "1-0"]
[WhiteElo "2457"]
[BlackElo "2347"]
[PlyCount "113"]
[EventDate "2010.01.31"]
[EventType "swiss"]
[EventRounds "9"]
[EventCountry "ROU"]
[SourceTitle "CBM 134 Extra"]
[Source "ChessBase"]
[SourceDate "2010.03.03"]
[SourceVersion "1"]
[SourceVersionDate "2010.03.03"]
[SourceQuality "1"]

1. e4 c5 2. Nf3 d6 3. Bb5+ Nd7 4. d4 a6 5. Bxd7+ Bxd7 6. Nc3 cxd4 7. Qxd4 Nf6 8. Bg5 e6 9. 0-0-0 Be7 10. e5 dxe5 11. Nxe5 Bc6 12. Nxc6 bxc6 13. Bxf6 Bxf6 14. Qc5 Qc7 15. Rhe1 Be7 16. Nd5 Qf4+ 17. Nxf4 Bxc5 18. Nd3 Bb6 19. f3 Bc7 20. Ne5 c5 21. g3 Rc8 22. Rd3 Bxe5 23. Rxe5 Ke7 24. Rc3 Kd6 25. Re4 Rc6 26. Re2 c4 27. Rd2+ Ke7 28. Rd4 Rhc8 29. Kd2 Rb8 30. b3 cxb3 31. axb3 Rxc3 32. Kxc3 e5 33. Rd5 Ke6 34. Rc5 Rb6 35. b4 Kd6 36. Ra5 g6 37. Kb3 f5 38. c4 Rc6 39. Kc3 h6 40. Ra2 Kc7 41. c5 Re6 42. Kc4 e4 43. Kd5 Re8 44. fxe4 fxe4 45. Rxa6 e3 46. Ra1 Rd8+ 47. Kc4 Rd2 48. Re1 e2 49. Kc3 Ra2 50. Kb3 Rd2 51. b5 h5 52. Kc3 Ra2 53. Kd3 Ra3+ 54. Ke4 Rb3 55. Rxe2 Rxb5 56. Kd5 Kd7 57. Ra2 1-0

[Event "EU-ch 10th"]
[Site "Budva"]
[Date "2009.03.17"]
[Round "11"]
[White "Sofronie, Iulian"]
[Black "Tassopoulos, Marios"]
[Result "1/2-1/2"]
[WhiteElo "2471"]
[BlackElo "2293"]
[PlyCount "107"]
[EventDate "2009.03.06"]
[EventType "swiss"]
[EventRounds "11"]
[EventCountry "MNE"]
[SourceTitle "CBM 130"]
[Source "ChessBase"]
[SourceDate "2009.05.20"]
[SourceVersion "1"]
[SourceVersionDate "2009.05.20"]
[SourceQuality "1"]

1. e4 c5 2. Nf3 Nc6 3. Bb5 g6 4. Bxc6 dxc6 5. d3 Bg7 6. h3 Nf6 7. Nc3 Nd7 8. Be3 e5 9. Qd2 Qe7 10. Bh6 f6 11. Nh2 Nf8 12. Bxg7 Qxg7 13. Ne2 Ne6 14. f4 exf4 15. Nxf4 0-0 16. 0-0 b6 17. Rae1 Nxf4 18. Qxf4 Be6 19. b3 Qd7 20. Nf3 Rad8 21. Qg3 Rf7 22. Kh2 Qc7 23. e5 Rd5 24. Re3 fxe5 25. Rfe1 e4 26. Qxc7 Rxc7 27. Rxe4 Bf7 28. g4 h6 29. Kg3 Kg7 30. h4 Rdd7 31. Ne5 Rd4 32. R4e3 Be6 33. Rf1 Rd6 34. g5 Bf5 35. Nf3 h5 36. Rfe1 Rdd7 37. Re8 b5 38. Ra8 Re7 39. Rxe7+ Rxe7 40. Kf4 c4 41. bxc4 bxc4 42. Ne5 cxd3 43. cxd3 c5 44. Nc6 Re1 45. Rxa7+ Kf8 46. Ra3 Kf7 47. Ra7+ Kf8 48. Ra5 Bxd3 49. Rxc5 Re4+ 50. Kf3 Rxh4 51. Ne5 Bf5 52. Ra5 Ke7 53. Ra6 Rh2 54. Nxg6+ 1/2-1/2

[Event "EU-ch 10th"]
[Site "Budva"]
[Date "2009.03.16"]
[Round "10"]
[White "Grigoriants, Sergey"]
[Black "Sofronie, Iulian"]
[Result "1-0"]
[WhiteElo "2565"]
[BlackElo "2471"]
[PlyCount "103"]
[EventDate "2009.03.06"]
[EventType "swiss"]
[EventRounds "11"]
[EventCountry "MNE"]
[SourceTitle "CBM 130"]
[Source "ChessBase"]
[SourceDate "2009.05.20"]
[SourceVersion "1"]
[SourceVersionDate "2009.05.20"]
[SourceQuality "1"]

1. e4 e5 2. Nf3 Nc6 3. Bb5 a6 4. Ba4 Nf6 5. 0-0 b5 6. Bb3 Bc5 7. a4 Rb8 8. d3 d6 9. Be3 0-0 10. h3 Be6 11. Bxe6 fxe6 12. Bxc5 dxc5 13. axb5 axb5 14. Nc3 Qd6 15. Ra6 b4 16. Nb1 Ra8 17. Rxa8 Rxa8 18. Nbd2 Nd7 19. Nc4 Qe7 20. c3 h6 21. Qc2 Kh7 22. Rc1 Qf6 23. Qd1 bxc3 24. bxc3 Ne7 25. Ra1 Rxa1 26. Qxa1 Ng6 27. Qa7 Qd8 28. g3 Nb6 29. Ncxe5 Nxe5 30. Nxe5 Qd6 31. Ng4 Qxd3 32. Qxc7 Nd7 33. e5 Qd1+ 34. Kh2 h5 35. Ne3 Qd2 36. Kg2 Qd3 37. Kh2 Qd2 38. Kg2 Qd3 39. Kf3 Qb5 40. c4 Qa4 41. Kf4 Nf8 42. Qf7 Ng6+ 43. Kg5 Nxe5 44. Qxe6 Qa1 45. f4 Nf3+ 46. Kxh5 Nd4 47. Qe4+ Kh8 48. Qe8+ Kh7 49. Qg6+ Kh8 50. f5 Nxf5 51. Nxf5 Qc3 52. Kg4 1-0

[Event "EU-ch 10th"]
[Site "Budva"]
[Date "2009.03.15"]
[Round "9"]
[White "Sofronie, Iulian"]
[Black "Jankovic, Alojzije"]
[Result "1-0"]
[WhiteElo "2471"]
[BlackElo "2571"]
[PlyCount "149"]
[EventDate "2009.03.06"]
[EventType "swiss"]
[EventRounds "11"]
[EventCountry "MNE"]
[SourceTitle "CBM 130"]
[Source "ChessBase"]
[SourceDate "2009.05.20"]
[SourceVersion "1"]
[SourceVersionDate "2009.05.20"]
[SourceQuality "1"]

1. e4 c5 2. Nf3 Nc6 3. Bb5 e6 4. Bxc6 bxc6 5. 0-0 Ne7 6. d3 Ng6 7. Ng5 e5 8. Qh5 Qe7 9. Nc3 d6 10. Ne2 h6 11. Nh3 Nh4 12. Ng5 Ng6 13. Nh3 Qh4 14. Qxh4 Nxh4 15. f4 Bg4 16. Nc3 Bxh3 17. gxh3 exf4 18. Bxf4 Ng6 19. Bg3 Ne5 20. Nd1 g6 21. Bxe5 dxe5 22. Ne3 Ke7 23. Rf3 Bg7 24. Raf1 Rhf8 25. Nc4 Rab8 26. R1f2 Ke6 27. b3 Rb7 28. Kf1 h5 29. Ke2 Re7 30. Nb2 Kd6 31. Rf1 Bh6 32. Rf6+ Kc7 33. Nc4 Bg7 34. R6f3 Bh6 35. Ne3 Kd7 36. h4 Bg7 37. Nd1 Ke6 38. Nb2 Kd6 39. R3f2 Rb7 40. Nc4+ Ke6 41. Nd2 Re7 42. Nf3 Bh6 43. Ng5+ Bxg5 44. hxg5 f5 45. gxf6 Ref7 46. Rg1 Rg8 47. Rf5 gxf5 48. exf5+ Kxf5 49. Rxg8 Rxf6 50. Ke3 Ke6 51. Rh8 Rf5 52. Rh6+ Kd7 53. Rh7+ Kd6 54. Rxa7 Rg5 55. Rf7 Rg2 56. Rf2 Rg1 57. Rf6+ Kd7 58. a4 h4 59. Rf2 h3 60. Kf3 Rg8 61. Re2 Kd6 62. a5 Ra8 63. Kg3 Rxa5 64. Kxh3 Ra8 65. Re4 Rh8+ 66. Kg3 Rf8 67. h4 Rf5 68. Re2 Ke6 69. Rh2 Rf1 70. h5 Rg1+ 71. Kf3 Rf1+ 72. Ke3 Rf7 73. h6 Rh7 74. Ke4 Kf6 75. Rh5 1-0

[Event "EU-ch 10th"]
[Site "Budva"]
[Date "2009.03.07"]
[Round "2"]
[White "Franciskovic, Borka"]
[Black "Sofronie, Iulian"]
[Result "1/2-1/2"]
[WhiteElo "2260"]
[BlackElo "2471"]
[PlyCount "116"]
[EventDate "2009.03.06"]
[EventType "swiss"]
[EventRounds "11"]
[EventCountry "MNE"]
[SourceTitle "CBM 130"]
[Source "ChessBase"]
[SourceDate "2009.05.20"]
[SourceVersion "1"]
[SourceVersionDate "2009.05.20"]
[SourceQuality "1"]

1. c4 e5 2. Nc3 Nc6 3. g3 Bc5 4. Bg2 d6 5. e3 a6 6. Nge2 Ba7 7. 0-0 h5 8. h3 Be6 9. b3 Qd7 10. Kh2 Nge7 11. Ba3 h4 12. g4 f5 13. g5 e4 14. Nf4 0-0-0 15. d3 exd3 16. Qf3 Bf7 17. Rad1 Ng6 18. Nxg6 Bxg6 19. Rxd3 f4 20. Rd2 fxe3 21. fxe3 Rde8 22. c5 Re5 23. Rd5 Rxd5 24. Qxd5 dxc5 25. Qxd7+ Kxd7 26. Na4 c4 27. bxc4 Bxe3 28. Nc5+ Kc8 29. Nxa6 Bxg5 30. Bb2 Bh6 31. Nc5 Re8 32. Kh1 Nd8 33. Bf3 b6 34. Bg4+ Kb8 35. Nd7+ Kb7 36. Ne5 Be4+ 37. Bf3 Bxf3+ 38. Rxf3 Nc6 39. Ng4 Re2 40. Rf2 Rxf2 41. Nxf2 Na5 42. Ng4 Nxc4 43. Bc3 Kc6 44. Nxh6 gxh6 45. Kg2 Kd5 46. Kf3 Nd6 47. Kg4 Ke4 48. Kxh4 c5 49. Kh5 Nf5 50. a4 Kd3 51. Be1 c4 52. a5 bxa5 53. Bxa5 Ke3 54. Kg6 Kf4 55. Bd2+ Ke4 56. Bb4 Ke5 57. Bc3+ Ke4 58. Bb4 Ke5 1/2-1/2

[Event "ROM-ch"]
[Site "Eforie Nord"]
[Date "2009.02.07"]
[Round "8"]
[White "Sofronie, Iulian"]
[Black "Anton, Teodor"]
[Result "0-1"]
[WhiteElo "2471"]
[BlackElo "2350"]
[PlyCount "106"]
[EventDate "2009.01.31"]
[EventType "swiss"]
[EventRounds "9"]
[EventCountry "ROU"]
[SourceTitle "CBM 130 Extra"]
[Source "ChessBase"]
[SourceDate "2009.07.02"]
[SourceVersion "2"]
[SourceVersionDate "2009.07.15"]
[SourceQuality "1"]

1. e4 c5 2. Nf3 d6 3. d4 cxd4 4. Nxd4 Nf6 5. Nc3 a6 6. Bc4 e6 7. Bb3 b5 8. Bg5 Be7 9. Qf3 Qc7 10. 0-0-0 Nbd7 11. e5 Bb7 12. Qg3 dxe5 13. Bxe6 0-0-0 14. Bxf6 Bxf6 15. Ndxb5 axb5 16. Nxb5 Qb6 17. Nd6+ Kc7 18. Nxb7 Qxb7 19. Bxd7 Rxd7 20. Rxd7+ Kxd7 21. Rd1+ Ke8 22. Qa3 h5 23. f3 Rh6 24. Qa4+ Kf8 25. Rd7 Qc6 26. Qa7 Kg8 27. a4 Rg6 28. Qb8+ Kh7 29. Qb5 Qe6 30. g3 Qa2 31. c3 Qa1+ 32. Kc2 Qg1 33. Qe2 h4 34. Rd1 Qa7 35. Qe4 hxg3 36. hxg3 Kg8 37. g4 Rh6 38. Rd2 Qb8 39. Re2 Qa7 40. Qc4 g6 41. f4 exf4 42. Qxf4 Qa6 43. Re8+ Kg7 44. Qb4 Rh2+ 45. Kb3 Kh7 46. Qb8 Rh3 47. Qb5 Qd6 48. Re2 Qd1+ 49. Ka2 Rh1 50. Qc4 Bxc3 51. Qxf7+ Bg7 52. Qc4 Qb1+ 53. Kb3 Bxb2 0-1

[Event "ROM-ch"]
[Site "Eforie Nord"]
[Date "2009.02.06"]
[Round "7"]
[White "Lupulescu, Constantin"]
[Black "Sofronie, Iulian"]
[Result "1-0"]
[WhiteElo "2608"]
[BlackElo "2471"]
[PlyCount "84"]
[EventDate "2009.01.31"]
[EventType "swiss"]
[EventRounds "9"]
[EventCountry "ROU"]
[SourceTitle "CBM 130 Extra"]
[Source "ChessBase"]
[SourceDate "2009.07.02"]
[SourceVersion "2"]
[SourceVersionDate "2009.07.15"]
[SourceQuality "1"]

1. e4 e5 2. Bc4 Nf6 3. Nc3 c6 4. Nf3 b5 5. Bb3 b4 6. Nxe5 d5 7. Ne2 Nxe4 8. d4 Bd6 9. f3 Nf6 10. 0-0 Qc7 11. Ng3 0-0 12. f4 Nfd7 13. Nf5 f6 14. Nd3 Nb6 15. Nxd6 Qxd6 16. f5 a5 17. c3 Na6 18. Qe1 bxc3 19. Qxc3 a4 20. Bc2 Qb8 21. Bf4 Qa7 22. Bg3 Bd7 23. Rae1 Rfe8 24. Rxe8+ Rxe8 25. Re1 Rxe1+ 26. Qxe1 Nc8 27. Qe3 Kf7 28. Nf4 Nc7 29. Nh5 Nb5 30. Bf2 Nbd6 31. Qg3 Ne8 32. Qa3 Ncd6 33. Qxa4 Qb6 34. Qb3 Qa5 35. Ng3 Nc4 36. a4 Qd2 37. Nf1 Qc1 38. Qb7 Ke7 39. Bd3 Ned6 40. Qb4 Nxb2 41. Bg3 c5 42. dxc5 Nxd3 1-0

[Event "ROM-chT"]
[Site "Eforie Nord"]
[Date "2008.09.03"]
[Round "3"]
[White "Sofronie, Iulian"]
[Black "Cosma, Ioan"]
[Result "1/2-1/2"]
[WhiteElo "2452"]
[BlackElo "2457"]
[PlyCount "24"]
[EventDate "2008.09.01"]
[EventType "team"]
[EventRounds "9"]
[EventCountry "ROU"]
[SourceTitle "CBM 126 Extra"]
[Source "ChessBase"]
[SourceDate "2008.11.05"]
[SourceVersion "1"]
[SourceVersionDate "2008.11.05"]
[SourceQuality "1"]

1. e4 c5 2. Nf3 Nc6 3. d4 cxd4 4. Nxd4 Nf6 5. Nc3 d6 6. Bc4 Qb6 7. Nxc6 bxc6 8. 0-0 g6 9. b3 Bg7 10. Bb2 0-0 11. Qe1 Qc7 12. Kh1 Bb7 1/2-1/2

[Event "ROM-chT"]
[Site "Predeal"]
[Date "2007.11.17"]
[Round "5"]
[White "Szabo, Gergely Andras"]
[Black "Sofronie, Iulian"]
[Result "1-0"]
[WhiteElo "2518"]
[BlackElo "2459"]
[PlyCount "109"]
[EventDate "2007.10.13"]
[EventType "team"]
[EventRounds "9"]
[EventCountry "ROU"]
[SourceTitle "EXT 2008"]
[Source "ChessBase"]
[SourceDate "2007.11.25"]
[SourceVersion "1"]
[SourceVersionDate "2007.11.25"]
[SourceQuality "1"]

1. e4 e5 2. Nf3 Nc6 3. Bb5 a6 4. Ba4 Nf6 5. 0-0 b5 6. Bb3 Bc5 7. c3 d6 8. a4 Rb8 9. d4 Bb6 10. a5 Ba7 11. h3 0-0 12. Be3 Qe8 13. Re1 Ra8 14. Nbd2 Bb7 15. Bg5 Nd7 16. Nf1 Ne7 17. Ng3 Kh8 18. dxe5 Nxe5 19. Nd4 N7g6 20. Qe2 Nd7 21. Ndf5 f6 22. Be3 Bxe3 23. Qxe3 Nc5 24. Bc2 Ne6 25. b4 Nef4 26. h4 Ne6 27. Bb3 Ngf4 28. h5 Rd8 29. Rad1 g6 30. Bd5 Bc8 31. hxg6 Qxg6 32. Ne7 Qg5 33. Qf3 Rde8 34. Nxc8 Rxc8 35. Nf5 Rf7 36. g3 Re8 37. Kf1 Ng6 38. Qe3 Qg4 39. Nh6 Qh3+ 40. Ke2 Ngf4+ 41. gxf4 Qxh6 42. f5 Ng5 43. Rh1 Qf8 44. Rh4 Rg7 45. Bc6 Ree7 46. Qd4 Re5 47. Rd3 Rge7 48. Re3 Qg7 49. Qa7 Qg8 50. Qa8 Qxa8 51. Bxa8 c6 52. Bxc6 Rc7 53. Bd5 Ree7 54. f4 Nf7 55. Reh3 1-0

[Event "ROM-ch"]
[Site "Amara"]
[Date "2007.02.22"]
[Round "8"]
[White "Sofronie, Iulian"]
[Black "Voiteanu, Christian Gabriel"]
[Result "1-0"]
[WhiteElo "2440"]
[BlackElo "2235"]
[PlyCount "28"]
[EventDate "2007.02.16"]
[EventType "swiss"]
[EventRounds "9"]
[EventCountry "ROU"]
[SourceTitle "CBM 117 Extra"]
[Source "ChessBase"]
[SourceDate "2007.05.09"]
[SourceVersion "1"]
[SourceVersionDate "2007.05.09"]
[SourceQuality "1"]

1. e4 e5 2. Nf3 Nf6 3. Nxe5 d6 4. Nf3 Nxe4 5. Nc3 Nf6 6. d4 d5 7. Bd3 Be7 8. h3 0-0 9. 0-0 Re8 10. Re1 Nbd7 11. Bf4 a6 12. a3 Nf8 13. b4 Ne6 14. Be3 c6 1-0

[Event "ROM-ch"]
[Site "Amara"]
[Date "2007.02.18"]
[Round "4"]
[White "Sofronie, Iulian"]
[Black "Mosnegutu, Klaus"]
[Result "1-0"]
[WhiteElo "2440"]
[BlackElo "2196"]
[PlyCount "55"]
[EventDate "2007.02.16"]
[EventType "swiss"]
[EventRounds "9"]
[EventCountry "ROU"]
[SourceTitle "CBM 117 Extra"]
[Source "ChessBase"]
[SourceDate "2007.05.09"]
[SourceVersion "1"]
[SourceVersionDate "2007.05.09"]
[SourceQuality "1"]

1. Nf3 Nf6 2. g3 g6 3. b3 b6 4. Bb2 Bg7 5. Bg2 Bb7 6. c4 0-0 7. 0-0 d6 8. d4 Nbd7 9. Nc3 Ne4 10. Qc2 Nxc3 11. Bxc3 Nf6 12. Ne1 Bxg2 13. Nxg2 Qc8 14. e4 Nd7 15. f4 e5 16. dxe5 dxe5 17. f5 Qb7 18. Rae1 Rad8 19. g4 f6 20. fxg6 hxg6 21. Nh4 Kh7 22. g5 fxg5 23. Nf3 Bh6 24. Qg2 Qc6 25. Bd2 Qc5+ 26. Kh1 Qe7 27. Rg1 Rxf3 28. Qxf3 1-0

[Event "Predeal op"]
[Site "Predeal"]
[Date "2007.??.??"]
[Round "?"]
[White "Sofronie, Iulian"]
[Black "Paulet, Iozefina"]
[Result "1-0"]
[WhiteElo "2453"]
[BlackElo "2241"]
[PlyCount "107"]
[EventDate "2007.08.12"]
[EventType "swiss"]
[EventRounds "9"]
[EventCountry "ROU"]
[SourceTitle "CBM 119 Extra"]
[Source "ChessBase"]
[SourceDate "2007.09.04"]
[SourceVersion "1"]
[SourceVersionDate "2007.09.04"]
[SourceQuality "1"]

1. e4 c5 2. Nf3 d6 3. Bc4 e6 4. d4 cxd4 5. Nxd4 Nf6 6. Nc3 a6 7. Bb3 Be7 8. g4 0-0 9. g5 Nfd7 10. Rg1 Nc5 11. Be3 Nxb3 12. axb3 Nc6 13. Rg3 Nxd4 14. Qxd4 Bd7 15. h4 f5 16. gxf6 Bxf6 17. Qxd6 Qe7 18. Qxe7 Bxe7 19. Bd4 Bf6 20. Bxf6 Rxf6 21. Ke2 Raf8 22. f3 Rh6 23. Rh1 Be8 24. Ke3 Bh5 25. e5 Bg6 26. Ne4 Bxe4 27. Kxe4 Rh5 28. Rg5 Rxg5 29. hxg5 Rd8 30. Ke3 Rd5 31. f4 a5 32. c4 Rd7 33. Ra1 b6 34. b4 axb4 35. Ra4 Rc7 36. Rxb4 Rc6 37. Ra4 Kf7 38. Ra7+ Kg6 39. Kd4 h5 40. gxh6 gxh6 41. b4 h5 42. b5 Rc8 43. Rb7 h4 44. Rxb6 Kf5 45. Ra6 Rh8 46. c5 h3 47. Ra1 Rd8+ 48. Kc4 Kxf4 49. b6 Kxe5 50. b7 h2 51. Re1+ Kf4 52. c6 Rg8 53. Rh1 Ke5 54. c7 1-0

[Event "ROM-ch"]
[Site "Predeal"]
[Date "2006.12.07"]
[Round "11"]
[White "Sofronie, Iulian"]
[Black "Lupulescu, Constantin"]
[Result "1-0"]
[WhiteElo "2421"]
[BlackElo "2571"]
[PlyCount "83"]
[EventDate "2006.11.27"]
[EventType "swiss"]
[EventRounds "11"]
[EventCountry "ROU"]
[SourceTitle "CBM 115 Extra"]
[Source "ChessBase"]
[SourceDate "2007.01.10"]
[SourceVersion "1"]
[SourceVersionDate "2007.01.10"]
[SourceQuality "1"]

1. e4 c5 2. Nf3 d6 3. d4 cxd4 4. Nxd4 Nf6 5. Nc3 Nc6 6. Bc4 e6 7. Be3 a6 8. Bb3 Qc7 9. f4 Na5 10. f5 Nxb3 11. cxb3 b5 12. Rc1 Qb7 13. 0-0 Be7 14. b4 0-0 15. Qf3 Kh8 16. g4 Nd7 17. g5 Ne5 18. Qg3 Bd7 19. Rf4 Rfc8 20. Rh4 exf5 21. exf5 Bxf5 22. Nxf5 Nf3+ 23. Kf2 Nxh4 24. Qxh4 Bf8 25. Bd4 Qd7 26. Qf4 Rc4 27. Rd1 Re8 28. Ne3 Rc6 29. Ncd5 Qe6 30. Kg1 Qg6 31. Qg3 Kg8 32. Rf1 Qe4 33. Bc3 Rcc8 34. Rf4 Qb1+ 35. Kg2 Qxa2 36. Qf2 Re6 37. h4 Rce8 38. h5 Qb1 39. Rxf7 Qe4+ 40. Kh2 Qd3 41. Rf3 Re4 42. h6 1-0